<?xml version="1.0" encoding="UTF-8"?>
<collection xmlns="http://www.loc.gov/MARC21/slim">
 <record>
  <leader>06737nam a2200469 a 4500</leader>
  <controlfield tag="001">kal2247</controlfield>
  <controlfield tag="003">Gr-AtHEAL</controlfield>
  <controlfield tag="005">20160422084044.0</controlfield>
  <controlfield tag="006">m        d        </controlfield>
  <controlfield tag="008">160413s2015    gr      s           gre|c</controlfield>
  <datafield tag="020" ind1=" " ind2=" ">
   <subfield code="a">9789606033902</subfield>
  </datafield>
  <datafield tag="040" ind1=" " ind2=" ">
   <subfield code="a">GR-AtHEAL</subfield>
   <subfield code="b">gre</subfield>
   <subfield code="c">GR-AtHEAL</subfield>
  </datafield>
  <datafield tag="082" ind1="0" ind2="4">
   <subfield code="a">004</subfield>
   <subfield code="2">23</subfield>
  </datafield>
  <datafield tag="100" ind1="1" ind2=" ">
   <subfield code="a">Δασυγένης, Μηνάς.</subfield>
   <subfield code="8">575</subfield>
  </datafield>
  <datafield tag="245" ind1="1" ind2="0">
   <subfield code="a">Ενσωματωμένα συστήματα</subfield>
   <subfield code="h">[Ηλεκτρονικός πόρος] </subfield>
   <subfield code="c">Δασυγένης, Μηνάς ; Σούντρης, Δημήτριος ; Κριτικός αναγνώστης,Δημητρακόπουλος, Γεώργιος.</subfield>
  </datafield>
  <datafield tag="260" ind1=" " ind2=" ">
   <subfield code="a">Αθήνα :</subfield>
   <subfield code="b">Σύνδεσμος Ελληνικών Ακαδημαϊκών Βιβλιοθηκών,</subfield>
   <subfield code="c">c2015.</subfield>
  </datafield>
  <datafield tag="490" ind1=" " ind2=" ">
   <subfield code="a">Ακαδημαϊκά Ηλεκτρονικά Συγγράμματα και Βοηθήματα Κάλλιπος</subfield>
   <subfield code="8">40</subfield>
  </datafield>
  <datafield tag="520" ind1=" " ind2=" ">
   <subfield code="a">Το συγκεκριμένο βιβλίο θα καλύπτει όλη την ύλη του μαθήματος “Ενσωματωμένα Συστήματα”, τόσο στα Τμήματα που διδάσκουν οι συγγραφείς, όσο και σε πλήθος άλλων τμημάτων, όπως περιγράφεται αναλυτικά στην τεκμηρίωση της ωριμότητας της πρότασης. Το βιβλίο θα έχει δυο θεματικούς άξονες, Υλικό και Λογισμικό, οι οποίοι παρουσιάζονται ιεραρχικά. Στην περιοχή του υλικού, θα περιγράφονται οι κατηγορίες και οι αρχιτεκτονικές των ενσωματωμένων συστημάτων, όπως και οι τεχνολογίες υλοποίησης. Επίσης, θα δοθεί βαρύτητα στη μοντελοποίηση χρησιμοποιώντας τις δημοφιλείς γλώσσες περιγραφής συστημάτων. Η περιοχή του υλικού θα καλυφθεί πλήρως με την περιγραφή του κάθε συστατικού.Στο λογισμικό, θα αναλυθούν τα λειτουργικά συστήματα πραγματικού χρόνου, ενώ θα παρουσιαστούν τα περιβάλλοντα ανάπτυξης και πως επιτυγχάνεται η σχεδίαση και η βελτιστοποίηση με αυτά. Μάλιστα, θα αφιερωθεί ένα κεφάλαιο στο συσχεδιασμό υλικού και λογισμικού, ενώ ταυτόχρονα θα αναπτυχθεί και η μεθοδολογία βελτιστοποίησης κατανάλωσης ενέργειας και αύξησης των επιδόσεων DTSE της IMEC, όπως και η επικύρωση της σχεδίασης. Ο θεματικός άξονας του λογισμικού θα ολοκληρωθεί με την περιγραφή, σχεδίαση και υλοποίηση παραδειγμάτων και εφαρμογών σε ενσωματωμένα συστήματα, ώστε να γίνει κατανοητή η σύνδεση της θεωρίας με την πράξη.Το βιβλίο θα συνοδεύεται από τέσσερα παραρτήματα, τα οποία θα παρουσιάζονται σε μορφή εργαστηριακών ασκήσεων, και θα μπορούν να χρησιμοποιηθούν αυτούσια στο εργαστηριακό τμήμα των μαθημάτων. Τα παραρτήματα θα καλύπτουν ένα ευρύ φάσμα των τεχνολογιών που χρησιμοποιούνται στο σχεδιασμό και υλοποίηση ενσωματωμένων συστημάτων, όπως σχεδίαση με 8bit μικρο-ελεγκτή, με 32bit μικρο-επεξεργαστή, και συσχεδίαση υλικού &amp; λογισμικού σε FPGA. Τα παραρτήματα θα επεκτείνουν τη θεωρία και τις τεχνικές που θα έχουν παρουσιαστεί στα προηγούμενα κεφάλαια. Πιστεύουμε ότι το βιβλίο μας θα καλύπτει πλήρως την ύλη του μαθήματος Ενσωματωμένα Συστήματα, όπως διδάσκεται στην Τριτοβάθμια εκπαίδευση.</subfield>
  </datafield>
  <datafield tag="650" ind1=" " ind2="0">
   <subfield code="a">Embedded computer systems</subfield>
   <subfield code="8">2164</subfield>
  </datafield>
  <datafield tag="653" ind1=" " ind2=" ">
   <subfield code="a">Μικρουπολογιστές</subfield>
  </datafield>
  <datafield tag="653" ind1=" " ind2=" ">
   <subfield code="a">Κυβερνοφυσικά συστήματα</subfield>
  </datafield>
  <datafield tag="653" ind1=" " ind2=" ">
   <subfield code="a">Λειτουργικά συστήματα πραγματικού χρόνου</subfield>
  </datafield>
  <datafield tag="653" ind1=" " ind2=" ">
   <subfield code="a">Μεθοδολογία</subfield>
  </datafield>
  <datafield tag="653" ind1=" " ind2=" ">
   <subfield code="a">Γλώσσα περιγραφής υλικού</subfield>
  </datafield>
  <datafield tag="653" ind1=" " ind2=" ">
   <subfield code="a">Μοντελοποίηση</subfield>
  </datafield>
  <datafield tag="653" ind1=" " ind2=" ">
   <subfield code="a">Συσχεδιασμός</subfield>
  </datafield>
  <datafield tag="653" ind1=" " ind2=" ">
   <subfield code="a">Αρχιτεκτονική υπολογιστών</subfield>
  </datafield>
  <datafield tag="653" ind1=" " ind2=" ">
   <subfield code="a">Ενσωματωμένα συστήματα</subfield>
  </datafield>
  <datafield tag="653" ind1=" " ind2=" ">
   <subfield code="a">Τεχνολογία και επιστήμες μηχανικών</subfield>
   <subfield code="a">Ηλεκτρονική τεχνολογία και μηχανική</subfield>
   <subfield code="a">Μικροηλεκτρονική</subfield>
  </datafield>
  <datafield tag="653" ind1=" " ind2=" ">
   <subfield code="a">Επιστήμη υπολογιστών/Πληροφορική</subfield>
   <subfield code="a">Λειτουργικά συστήματα</subfield>
   <subfield code="a">Συστήματα πραγματικού χρόνου και ενσωματωμένα συστήματα</subfield>
  </datafield>
  <datafield tag="653" ind1=" " ind2=" ">
   <subfield code="a">Επιστήμη υπολογιστών/Πληροφορική</subfield>
   <subfield code="a">Αρχές ανάπτυξης λογισμικού</subfield>
  </datafield>
  <datafield tag="653" ind1=" " ind2=" ">
   <subfield code="a">Επιστήμη υπολογιστών/Πληροφορική</subfield>
   <subfield code="a">Γλώσσες προγραμματισμού</subfield>
  </datafield>
  <datafield tag="653" ind1=" " ind2=" ">
   <subfield code="a">Επιστήμη υπολογιστών/Πληροφορική</subfield>
   <subfield code="a">Λειτουργικά συστήματα</subfield>
  </datafield>
  <datafield tag="653" ind1=" " ind2=" ">
   <subfield code="a">Επιστήμη υπολογιστών/Πληροφορική</subfield>
   <subfield code="a">Αρχιτεκτονική και οργάνωση</subfield>
  </datafield>
  <datafield tag="653" ind1=" " ind2=" ">
   <subfield code="a">Επιστήμη υπολογιστών/Πληροφορική</subfield>
   <subfield code="a">Βασικές αρχές συστημάτων</subfield>
  </datafield>
  <datafield tag="700" ind1="1" ind2=" ">
   <subfield code="a">Σούντρης, Δημήτριος</subfield>
   <subfield code="e">Συγγραφέας</subfield>
   <subfield code="8">584</subfield>
  </datafield>
  <datafield tag="700" ind1="1" ind2=" ">
   <subfield code="a">Δημητρακόπουλος, Γεώργιος</subfield>
   <subfield code="e">Κριτικός αναγνώστης</subfield>
   <subfield code="8">585</subfield>
  </datafield>
  <datafield tag="856" ind1="4" ind2="0">
   <subfield code="u">http://hdl.handle.net/11419/2247</subfield>
   <subfield code="z">Πλήρες Κείμενο - Full text</subfield>
  </datafield>
  <datafield tag="907" ind1=" " ind2=" ">
   <subfield code="a">.b25679089</subfield>
   <subfield code="b">12-06-18</subfield>
   <subfield code="c">29-07-16</subfield>
  </datafield>
  <datafield tag="949" ind1=" " ind2=" ">
   <subfield code="0">0</subfield>
   <subfield code="1">0</subfield>
   <subfield code="2">ddc</subfield>
   <subfield code="4">0</subfield>
   <subfield code="6">004_000000000000000_ΔΑΣ</subfield>
   <subfield code="7">0</subfield>
   <subfield code="8">KALL</subfield>
   <subfield code="8">667</subfield>
   <subfield code="d">2016-04-13</subfield>
   <subfield code="r">2016-04-13</subfield>
   <subfield code="w">2016-04-13</subfield>
   <subfield code="z">004 ΔΑΣ</subfield>
   <subfield code="o">SEAB KALLIPOS</subfield>
  </datafield>
  <datafield tag="998" ind1=" " ind2=" ">
   <subfield code="a">80</subfield>
   <subfield code="a">01</subfield>
   <subfield code="a">02</subfield>
   <subfield code="a">03</subfield>
   <subfield code="a">04</subfield>
   <subfield code="a">05</subfield>
   <subfield code="a">06</subfield>
   <subfield code="a">07</subfield>
   <subfield code="a">08</subfield>
   <subfield code="a">09</subfield>
   <subfield code="a">10</subfield>
   <subfield code="a">11</subfield>
   <subfield code="a">12</subfield>
   <subfield code="a">13</subfield>
   <subfield code="a">14</subfield>
   <subfield code="a">15</subfield>
   <subfield code="a">16</subfield>
   <subfield code="a">17</subfield>
   <subfield code="a">18</subfield>
   <subfield code="a">19</subfield>
   <subfield code="a">20</subfield>
   <subfield code="a">21</subfield>
   <subfield code="a">22</subfield>
   <subfield code="a">23</subfield>
   <subfield code="a">24</subfield>
   <subfield code="a">25</subfield>
   <subfield code="a">26</subfield>
   <subfield code="b">15-05-17</subfield>
   <subfield code="c">m</subfield>
   <subfield code="d">z  </subfield>
   <subfield code="e">-</subfield>
   <subfield code="f">gre</subfield>
   <subfield code="g">gr </subfield>
   <subfield code="h">0</subfield>
  </datafield>
  <datafield tag="942" ind1=" " ind2=" ">
   <subfield code="2">ddc</subfield>
   <subfield code="c">KALLIPOS</subfield>
  </datafield>
 </record>
</collection>
